[Event "EuChJun Girls"]
[Site "Patras GRE"]
[Date "2001.07.16"]
[EventDate "2001.07.16"]
[Round "1"]
[Result "0-1"]
[White "Betul Cemre Yildiz"]
[Black "Irina Zakurdjaeva"]
[WhiteElo "2061"]
[BlackElo "2264"]
[PlyCount "70"]

1. d4 d5 2. Nf3 Nf6 3. e3 Bf5 4. c4 c6 5. Nc3 e6 6. Be2 Nbd7
7. O-O Be7 8. b3 O-O 9. Bb2 Ne4 10. Nxe4 Bxe4 11. Bd3 Bxf3
12. Qxf3 f5 13. Qe2 Bd6 14. f3 Qh4 15. g3 Qh3 16. Qg2 Qh6
17. Rae1 Bb4 18. Re2 Nf6 19. e4 fxe4 20. fxe4 Ng4 21. Rxf8+
Rxf8 22. exd5 exd5 23. cxd5 Ne3 24. Bc1 Nxg2 25. Bxh6 Ne1
26. Bc4 b5 27. d6+ bxc4 28. Bf4 cxb3 29. axb3 Nf3+ 30. Kg2
Nxd4 31. Re4 c5 32. Re7 Nf5 33. Rxa7 Rd8 34. Be5 c4 35. g4
Bxd6 0-1

[Event "EuChJun Girls"]
[Site "Patras GRE"]
[Date "2001.07.24"]
[EventDate "2001.07.16"]
[Round "8"]
[Result "1/2-1/2"]
[White "Veronika Machalova"]
[Black "Betul Cemre Yildiz"]
[WhiteElo "2117"]
[BlackElo "2061"]
[PlyCount "69"]

1. e4 c5 2. Nf3 a6 3. d4 cxd4 4. Nxd4 Nf6 5. f3 e6 6. Be2 Nc6
7. c3 d6 8. O-O Be7 9. Kh1 Qc7 10. Be3 Bd7 11. Nd2 d5 12. exd5
Nxd5 13. Bf2 Bd6 14. g3 h5 15. Nc4 Be7 16. Nf5 exf5 17. Qxd5
Be6 18. Bb6 Bxd5 19. Bxc7 Bxc4 20. Bxc4 Rc8 21. Bb6 h4 22. Kg2
h3+ 23. Kf2 Nb4 24. cxb4 Rxc4 25. Rac1 Rxc1 26. Rxc1 Bd8
27. Re1+ Kd7 28. Rd1+ Kc8 29. Bc5 Re8 30. a4 Re6 31. Rc1 Bc7
32. Bd4 g6 33. b5 axb5 34. axb5 Kd7 35. Bc5 1/2-1/2

[Event "EuChJun Girls"]
[Site "Patras GRE"]
[Date "2001.07.25"]
[EventDate "2001.07.16"]
[Round "9"]
[Result "1-0"]
[White "Slaveja Shtereva"]
[Black "Betul Cemre Yildiz"]
[WhiteElo "2100"]
[BlackElo "2061"]
[PlyCount "67"]

1. e4 c5 2. Nf3 a6 3. c4 e6 4. d4 cxd4 5. Nxd4 Nf6 6. Nc3 d6
7. Be3 Be7 8. Be2 b6 9. O-O Bb7 10. f3 Nbd7 11. Qd2 O-O 12. g4
Ne8 13. g5 Nc7 14. f4 Re8 15. Rf2 Bf8 16. Nc2 Rb8 17. Raf1 Nc5
18. Bf3 Qe7 19. h4 Red8 20. b4 Nd7 21. h5 Rdc8 22. Be2 f6
23. f5 e5 24. h6 gxh6 25. g6 hxg6 26. fxg6 Qg7 27. Rh2 Ne6
28. Bxh6 Qe7 29. Nd5 Bxd5 30. exd5 Nc7 31. Ne3 Qe8 32. Nf5 e4
33. Bxf8 Qxf8 34. g7 1-0

[Event "EuChJun Girls"]
[Site "Patras GRE"]
[Date "2001.07.26"]
[EventDate "2001.07.16"]
[Round "10"]
[Result "1/2-1/2"]
[White "Betul Cemre Yildiz"]
[Black "Natalia Kovalevskaya"]
[WhiteElo "2061"]
[BlackElo "2152"]
[PlyCount "113"]

1. d4 Nf6 2. Nf3 g6 3. Nbd2 d5 4. c3 Bg7 5. e3 O-O 6. Bd3 c5
7. O-O Nc6 8. Re1 Qc7 9. dxc5 Bg4 10. Qc2 e5 11. e4 dxe4
12. Bxe4 Nxe4 13. Qxe4 Be6 14. Qe2 f5 15. Nc4 e4 16. Ng5 Nd8
17. Be3 h6 18. Nxe6 Nxe6 19. Nd6 Kh7 20. Qc4 Qe7 21. Rad1 Rad8
22. Qd5 Nc7 23. Qb3 Be5 24. Bd4 Bxd6 25. cxd6 Rxd6 26. Qxb7
Rfd8 27. Qxa7 R8d7 28. Qc5 Ne6 29. Qe5 Qd8 30. h3 Nxd4
31. cxd4 Rd5 32. Qe6 Qa5 33. Rf1 Qb4 34. b3 Rxd4 35. Rxd4 Qxd4
36. Rc1 h5 37. Qc4 Qd2 38. Qc2 Qd4 39. Qe2 Qd5 40. Qb2 Qd3
41. Qc2 Qd4 42. Qe2 Qd5 43. Rc2 Qa5 44. Qe3 Rd1+ 45. Kh2 Qe5+
46. g3 Rd3 47. Qc1 e3 48. Qe1 Qd5 49. Qh1 Qe5 50. Re2 Rd2
51. Qb7+ Kh6 52. Qf3 Rxe2 53. Qxe2 f4 54. h4 fxg3+ 55. fxg3
Qd4 56. Kg2 Qe4+ 57. Kh2 1/2-1/2

[Event "EuTChw"]
[Site "Leon ESP"]
[Date "2001.11.06"]
[EventDate "2001.11.06"]
[Round "1"]
[Result "0-1"]
[White "Betul Cemre Yildiz"]
[Black "Maria Kouvatsou"]
[WhiteElo "2037"]
[BlackElo "2234"]
[PlyCount "74"]

1. d4 Nf6 2. Nf3 g6 3. Nbd2 Bg7 4. e4 d6 5. Bd3 O-O 6. O-O c5
7. c3 cxd4 8. cxd4 Nc6 9. Qe2 Bg4 10. Nb3 a5 11. d5 Ne5
12. Nbd4 Nfd7 13. Qe3 Nxd3 14. Qxd3 Nc5 15. Qe3 Qd7 16. Re1
Rac8 17. h3 Bxf3 18. Nxf3 Qb5 19. Rd1 Qa4 20. Re1 Rc7 21. Nh2
Rfc8 22. Ng4 Qxe4 23. Qxe4 Nxe4 24. Bh6 f5 25. Bxg7 Kxg7
26. Ne3 f4 27. Ng4 Nd2 28. Rad1 Nc4 29. b3 h5 30. bxc4 hxg4
31. hxg4 Kf8 32. Rb1 Rxc4 33. Rxb7 R8c7 34. Rb2 g5 35. Kh2 Rd4
36. Rb5 a4 37. Re2 Rd3 0-1

[Event "EuTChw"]
[Site "Leon ESP"]
[Date "2001.11.13"]
[EventDate "2001.11.06"]
[Round "7"]
[Result "1/2-1/2"]
[White "Betul Cemre Yildiz"]
[Black "Laura Rogule"]
[WhiteElo "2037"]
[BlackElo "2221"]
[PlyCount "50"]

1. d4 d5 2. Nf3 Nf6 3. e3 e6 4. Bd3 b6 5. Nbd2 Bb7 6. c3 Nbd7
7. Qe2 Be7 8. O-O O-O 9. e4 dxe4 10. Nxe4 c5 11. dxc5 Nxc5
12. Nxc5 Bxc5 13. Bg5 Be7 14. Bxf6 Bxf6 15. Be4 Bxe4 16. Qxe4
Qc7 17. Rad1 Rad8 18. Qe2 g6 19. Nd2 Be5 20. h3 Rd7 21. Nc4
Bd6 22. Nxd6 Rxd6 23. Rxd6 Qxd6 24. Rd1 Qc7 25. Qd3 Re8
1/2-1/2

[Event "EU-ch 4th, Women"]
[Site "Istanbul, Turkey"]
[Date "2003.06.03"]
[EventDate "2003.06.02"]
[Round "2"]
[Result "1-0"]
[White "Olga Alexandrova"]
[Black "Betul Cemre Yildiz"]
[WhiteElo "2445"]
[BlackElo "2119"]
[PlyCount "69"]

1. d4 d5 2. c4 e6 3. Nc3 Nf6 4. Nf3 Nbd7 5. Bf4 dxc4 6. e3 Nd5
7. Bxc4 Nxf4 8. exf4 Nb6 9. Bb3 c6 10. O-O Be7 11. Qd3 Nd5
12. g3 O-O 13. Ne4 Qb6 14. Ne5 Rd8 15. Ng5 Bxg5 16. fxg5 Ne7
17. Rfd1 Nf5 18. Nxf7 Rxd4 19. Qf3 Kxf7 20. Qxf5+ Kg8 21. Rxd4
Qxd4 22. Qf3 Qc5 23. h4 Bd7 24. Rd1 Qe7 25. Qe3 Kh8 26. h5 e5
27. h6 Bf5 28. Re1 Re8 29. Qxa7 Qxg5 30. Qxb7 Qxh6 31. Rxe5
Qc1+ 32. Kg2 Bh3+ 33. Kxh3 Qh1+ 34. Kg4 Rf8 35. Qf7 1-0

[Event "5th Individual European Chess Championship"]
[Site "Antalya TUR"]
[Date "2004.05.15"]
[EventDate "2004.05.15"]
[Round "1"]
[Result "1-0"]
[White "Jan Smeets"]
[Black "Betul Cemre Yildiz"]
[WhiteElo "2531"]
[BlackElo "2108"]
[PlyCount "69"]

1. e4 c5 2. Nf3 e6 3. d4 cxd4 4. Nxd4 Nc6 5. Nc3 a6 6. Nxc6
bxc6 7. e5 Qa5 8. f4 c5 9. Bd3 Bb7 10. O-O Ne7 11. Be4 Qc7
12. b3 Nc6 13. Bb2 Be7 14. Qg4 g6 15. Rad1 Nd4 16. Rd2 f5
17. exf6 Bxf6 18. Re1 O-O 19. Bxb7 Qxb7 20. Ne4 Bg7 21. Nxc5
Qc7 22. Bxd4 Bxd4+ 23. Rxd4 Qxc5 24. Red1 Rf5 25. c4 Raf8
26. g3 d6 27. Kg2 e5 28. Rd5 Qc6 29. Qf3 g5 30. Rxd6 Qxf3+
31. Kxf3 exf4 32. R1d5 fxg3+ 33. Rxf5 Rxf5+ 34. Kxg3 a5 35. a3
1-0

[Event "5th Individual European Chess Championship"]
[Site "Antalya TUR"]
[Date "2004.05.16"]
[EventDate "2004.05.15"]
[Round "2"]
[Result "1/2-1/2"]
[White "Betul Cemre Yildiz"]
[Black "Mert Erdogdu"]
[WhiteElo "2108"]
[BlackElo "2369"]
[PlyCount "40"]

1. e4 c5 2. Nc3 d6 3. g3 Nc6 4. Bg2 g6 5. d3 Bg7 6. Be3 Nf6
7. h3 O-O 8. Qd2 Rb8 9. f4 e5 10. Nge2 b5 11. O-O b4 12. Nd1
exf4 13. Bxf4 Qc7 14. Bh6 Be6 15. Bxg7 Kxg7 16. Ne3 Ne5
17. Nf5+ gxf5 18. exf5 Kh8 19. fxe6 fxe6 20. Qh6 Qg7 1/2-1/2

[Event "5th Individual European Chess Championship"]
[Site "Antalya TUR"]
[Date "2004.05.17"]
[EventDate "2004.05.15"]
[Round "3"]
[Result "0-1"]
[White "Umut Atakisi"]
[Black "Betul Cemre Yildiz"]
[WhiteElo "2344"]
[BlackElo "2108"]
[PlyCount "82"]

1. e4 d5 2. exd5 Qxd5 3. Nc3 Qa5 4. d4 Nf6 5. Nf3 Bf5 6. Ne5
c6 7. Bd3 Bxd3 8. Qxd3 Nbd7 9. Nc4 Qh5 10. Bf4 O-O-O 11. O-O
Nc5 12. Qe3 Ne6 13. Bg3 Ng4 14. Qe1 Rxd4 15. f3 Nxh2 16. Bxh2
Rxc4 17. Ne4 Nc5 18. b3 Rxc2 19. Qa5 e5 20. Qxa7 Nxe4 21. Qa8+
Kc7 22. Qa5+ Kc8 23. Qa8+ Kc7 24. Qa5+ Kd7 25. fxe4 Bc5+
26. Kh1 Qg6 27. Rad1+ Ke6 28. Rd2 b6 29. Rxc2 bxa5 30. Rxc5 f6
31. Rxc6+ Kd7 32. Rc4 Qg4 33. Rf3 Rc8 34. Rd3+ Ke7 35. Rdc3
Rd8 36. Rc1 Rd2 37. Rg1 h5 38. Rc7+ Kd6 39. Rc3 h4 40. Re3
Rxa2 41. Ree1 h3 0-1

[Event "5th Individual European Chess Championship"]
[Site "Antalya TUR"]
[Date "2004.05.18"]
[EventDate "2004.05.15"]
[Round "4"]
[Result "0-1"]
[White "Betul Cemre Yildiz"]
[Black "Geert van der Stricht"]
[WhiteElo "2108"]
[BlackElo "2450"]
[PlyCount "62"]

1. e4 c5 2. Nc3 Nc6 3. g3 g6 4. Bg2 Bg7 5. d3 Rb8 6. Be3 d6
7. Qd2 b5 8. Nge2 Nd4 9. Nd1 Bg4 10. Bxd4 cxd4 11. O-O h5
12. h3 Bd7 13. c3 dxc3 14. Ndxc3 Nf6 15. f4 Qb6+ 16. d4 b4
17. Nd1 Bb5 18. Rf2 Bxe2 19. Qxe2 Nd7 20. e5 Qxd4 21. e6 Nc5
22. exf7+ Kxf7 23. Ne3 Qd3 24. Qf3 Bd4 25. Re1 e6 26. g4 hxg4
27. hxg4 Rbf8 28. Qg3 Ne4 29. Bxe4 Qxe4 30. Rf3 Rh7 31. Kg2
Rfh8 0-1

[Event "5th Individual European Chess Championship"]
[Site "Antalya TUR"]
[Date "2004.05.20"]
[EventDate "2004.05.15"]
[Round "5"]
[Result "1-0"]
[White "Suat Soylu"]
[Black "Betul Cemre Yildiz"]
[WhiteElo "2397"]
[BlackElo "2108"]
[PlyCount "93"]

1. e4 d5 2. exd5 Qxd5 3. Nc3 Qa5 4. d4 Nf6 5. Nf3 Bf5 6. Bc4
e6 7. Bd2 c6 8. Nd5 Qd8 9. Nxf6+ gxf6 10. Bb3 Nd7 11. Qe2 Qc7
12. O-O-O O-O-O 13. Nh4 Bg6 14. g3 Nb6 15. Bf4 Bd6 16. Bxd6
Qxd6 17. Qf3 Nd7 18. Ng2 Qc7 19. h4 h5 20. Nf4 Bf5 21. Nxh5
Rdg8 22. Nf4 Bg4 23. Qe3 Bxd1 24. Rxd1 c5 25. d5 e5 26. Nd3 c4
27. d6 Qb6 28. Bxc4 Qxe3+ 29. fxe3 Rh7 30. Bb5 Rhg7 31. Rf1
Rg6 32. e4 Rd8 33. h5 Rh6 34. Bc4 Rh7 35. Bb3 Rg8 36. Rf3 Kd8
37. Nf2 Nc5 38. Bd5 Rg5 39. g4 Ne6 40. Ra3 a6 41. Bxb7 Kd7
42. Bxa6 Kxd6 43. Bc4 Rg8 44. Ra6+ Kc5 45. b3 Kd4 46. Kd2 Nf4
47. Ra5 1-0

[Event "5th Individual European Chess Championship"]
[Site "Antalya TUR"]
[Date "2004.05.21"]
[EventDate "2004.05.15"]
[Round "6"]
[Result "0-1"]
[White "Betul Cemre Yildiz"]
[Black "Yakup Erturan"]
[WhiteElo "2108"]
[BlackElo "2273"]
[PlyCount "138"]

1. e4 e5 2. Nc3 Nf6 3. g3 d5 4. exd5 Nxd5 5. Bg2 Nxc3 6. bxc3
Bc5 7. Ne2 Nc6 8. O-O O-O 9. Bb2 Bg4 10. h3 Bh5 11. d3 Qf6
12. Qd2 Bf3 13. Bxf3 Qxf3 14. d4 Bb6 15. Rad1 Rad8 16. Qd3 Qh5
17. g4 Qh6 18. d5 e4 19. Qxe4 Rde8 20. Qf3 Ne5 21. Qg3 Nc4
22. Bc1 Qg6 23. Nd4 Qe4 24. Qg2 Qe5 25. Qf3 Rd8 26. Nf5 Rfe8
27. Qd3 Qe2 28. Ng3 Qxd3 29. cxd3 Ne5 30. c4 c6 31. Bb2 cxd5
32. Bxe5 Rxe5 33. c5 Ba5 34. Rb1 Rd7 35. Rb5 b6 36. c6 Rc7
37. d4 Re8 38. Rc1 Rd8 39. Nf5 a6 40. Rb2 g6 41. Ne3 Kf8
42. g5 Rd6 43. Rbc2 Ke7 44. Ng4 Re6 45. Ne5 f6 46. gxf6+ Rxf6
47. Nd7 Rf4 48. Nb8 Rxd4 49. Nxa6 Rc8 50. c7 Re4 51. Nb8 Ke8
52. Kf1 Re7 53. Na6 d4 54. Rd1 Bc3 55. Re2 Rxe2 56. Kxe2 Kd7
57. Rb1 Kc6 58. Kd3 Kb7 59. Nc5+ Kxc7 60. Ne6+ Kb7 61. f4 Ra8
62. a4 Kc6 63. Nxd4+ Bxd4 64. Kxd4 Rxa4+ 65. Ke5 Ra5+ 66. Ke4
Rh5 67. Rb3 Kc5 68. Rc3+ Kb4 69. Rd3 b5 0-1

[Event "5th Individual European Chess Championship"]
[Site "Antalya TUR"]
[Date "2004.05.22"]
[EventDate "2004.05.15"]
[Round "7"]
[Result "1-0"]
[White "Perparim Makoli"]
[Black "Betul Cemre Yildiz"]
[WhiteElo "2228"]
[BlackElo "2108"]
[PlyCount "75"]

1. e4 d5 2. exd5 Qxd5 3. Nc3 Qa5 4. d4 Nf6 5. Bc4 Bf5 6. Nf3
c6 7. Bd2 e6 8. Qe2 Bb4 9. O-O-O Nbd7 10. a3 Bxc3 11. Bxc3 Qc7
12. Ne5 Nxe5 13. dxe5 Nd5 14. Bd2 O-O-O 15. h4 h6 16. g4 Bh7
17. h5 Nb6 18. Bb3 Nd7 19. Bc3 Nc5 20. Qe3 Nxb3+ 21. cxb3 c5
22. Rd6 Rxd6 23. exd6 Qxd6 24. Rd1 Qc6 25. Bxg7 Rg8 26. Be5 b6
27. f3 c4 28. Qc3 f5 29. Rd6 Qc5 30. b4 Qb5 31. a4 Qxa4
32. Qxc4+ Kb7 33. b3 Qe8 34. Rxe6 Qd7 35. Rd6 Qc8 36. Rxh6 Qd7
37. Rxh7 Qxh7 38. Qd5+ 1-0

[Event "5th Individual European Chess Championship"]
[Site "Antalya TUR"]
[Date "2004.05.23"]
[EventDate "2004.05.15"]
[Round "8"]
[Result "0-1"]
[White "Betul Cemre Yildiz"]
[Black "Abedin Idrizaj"]
[WhiteElo "2108"]
[BlackElo "2249"]
[PlyCount "74"]

1. e4 c5 2. Nc3 Nc6 3. g3 d6 4. Bg2 g6 5. d3 Bg7 6. Be3 e6
7. Qd2 Nd4 8. Nge2 Ne7 9. O-O O-O 10. Nd1 Nxe2+ 11. Qxe2 Rb8
12. f4 b5 13. c3 b4 14. cxb4 Rxb4 15. e5 Nf5 16. Bd2 Nd4
17. Qf2 Rb8 18. exd6 Ba6 19. Rc1 Bxd3 20. Re1 Qxd6 21. Bc3
Rfd8 22. Ne3 Qa6 23. Kh1 h5 24. Rcd1 Bb5 25. Rd2 Qxa2 26. Red1
Ba4 27. Re1 Bb3 28. g4 hxg4 29. Nxg4 Bd5 30. Ne3 Bxg2+
31. Qxg2 Qa6 32. Qg4 Qc6+ 33. Rg2 Bf6 34. Rf1 Kg7 35. f5 exf5
36. Nxf5+ Nxf5 37. Qxf5 Qxg2+ 0-1

[Event "5th Individual European Chess Championship"]
[Site "Antalya TUR"]
[Date "2004.05.24"]
[EventDate "2004.05.15"]
[Round "9"]
[Result "0-1"]
[White "Doga Cihan Goksel"]
[Black "Betul Cemre Yildiz"]
[WhiteElo "2130"]
[BlackElo "2108"]
[PlyCount "88"]

1. Nf3 Nf6 2. d4 e6 3. c4 b6 4. g3 Bb7 5. Bg2 Be7 6. O-O O-O
7. Nc3 d5 8. cxd5 exd5 9. Qc2 c5 10. Rd1 Nbd7 11. Bf4 Rc8
12. Qf5 Re8 13. Rac1 Nf8 14. dxc5 bxc5 15. e3 Qb6 16. b3 Red8
17. Be5 g6 18. Qb1 Ne6 19. Na4 Qa5 20. Qa1 Ne4 21. Nd2 Nxd2
22. Bc3 Qc7 23. Be5 Qa5 24. Bc3 Qa6 25. Bxd2 d4 26. Bxb7 Qxb7
27. h4 g5 28. h5 g4 29. Qb1 Qd5 30. e4 Qxh5 31. Qd3 Bg5
32. Kg2 Qh3+ 33. Kg1 Bxd2 34. Qxd2 h6 35. Qe2 Ng5 36. Rd3 Qh5
37. Kg2 Qh3+ 38. Kg1 Re8 39. Rxc5 Rxc5 40. Nxc5 Qh5 41. Nd7
Kg7 42. e5 Nf3+ 43. Rxf3 gxf3 44. Qe4 Qh3 0-1

[Event "5th Individual European Chess Championship"]
[Site "Antalya TUR"]
[Date "2004.05.25"]
[EventDate "2004.05.15"]
[Round "10"]
[Result "1-0"]
[White "Hakan Erdogan"]
[Black "Betul Cemre Yildiz"]
[WhiteElo "2252"]
[BlackElo "2108"]
[PlyCount "101"]

1. d4 Nf6 2. c4 e6 3. Nc3 Bb4 4. a3 Bxc3+ 5. bxc3 c5 6. f3 d5
7. cxd5 Nxd5 8. dxc5 Qa5 9. e4 Ne7 10. Be3 O-O 11. Qb3 Qc7
12. a4 Nd7 13. Qa3 f5 14. Bd3 Ne5 15. Bc2 Nc4 16. Qc1 e5
17. Ne2 Nxe3 18. Qxe3 Be6 19. O-O Rac8 20. Rab1 Nc6 21. exf5
Ba2 22. Rb2 Bc4 23. Re1 Na5 24. Ng3 Bf7 25. f6 Qxc5 26. fxg7
Kxg7 27. Rb5 Qxe3+ 28. Rxe3 Nc4 29. Re2 b6 30. Nf5+ Kf6
31. Ne3 h5 32. f4 Rfe8 33. fxe5+ Rxe5 34. Rf2+ Ke7 35. Rxf7+
Kxf7 36. Nxc4 Rxb5 37. axb5 Kg7 38. Bd3 Rc5 39. Nd6 Rd5
40. Nf5+ Kf6 41. Nd4 Rc5 42. Ne2 Rd5 43. Nf4 Rc5 44. c4 h4
45. Kf2 Ke5 46. Ke3 Kf6 47. Nd5+ Ke5 48. Nb4 Rc7 49. Nc6+ Kd6
50. Be4 Kc5 51. Bd5 1-0

[Event "5th Individual European Chess Championship"]
[Site "Antalya TUR"]
[Date "2004.05.27"]
[EventDate "2004.05.15"]
[Round "11"]
[Result "1/2-1/2"]
[White "Betul Cemre Yildiz"]
[Black "Tolga Demirel"]
[WhiteElo "2108"]
[BlackElo "2183"]
[PlyCount "118"]

1. d4 d5 2. Nf3 e6 3. e3 f5 4. Ne5 Nf6 5. Bd3 Be7 6. Nd2 O-O
7. O-O Bd7 8. c4 c6 9. b3 Be8 10. Bb2 Ne4 11. f3 Nxd2 12. Qxd2
Nd7 13. Nxd7 Qxd7 14. e4 fxe4 15. fxe4 Bg6 16. exd5 exd5
17. Bxg6 hxg6 18. Qd3 Rf5 19. Rae1 Bd6 20. cxd5 cxd5 21. Rxf5
Qxf5 22. Qe2 Rf8 23. g3 Kh7 24. Rf1 Qh5 25. Qxh5+ gxh5
26. Rxf8 Bxf8 27. Kf2 Kg6 28. Kf3 Kf5 29. Bc3 g5 30. h3 g4+
31. hxg4+ hxg4+ 32. Ke3 Bh6+ 33. Kd3 Bc1 34. Bb4 Ke6 35. Bd2
Ba3 36. Ke3 Bd6 37. Be1 Kd7 38. Kd3 Kc6 39. Bf2 Kb5 40. Be1 a6
41. a4+ Kc6 42. b4 Kd7 43. Ke3 Ke6 44. Kd3 Kf5 45. Ke3 Be7
46. Kd3 Bg5 47. Bf2 Bc1 48. Be3 Ba3 49. Bd2 Bb2 50. Be3 b5
51. axb5 axb5 52. Bf2 Ba3 53. Be1 Bc1 54. Bf2 Bg5 55. Be3 Be7
56. Bd2 Bd6 57. Be1 Ke6 58. Ke3 Kf6 59. Ke2 Kf5 1/2-1/2

[Event "5th Individual European Chess Championship"]
[Site "Antalya TUR"]
[Date "2004.05.28"]
[EventDate "2004.05.15"]
[Round "12"]
[Result "0-1"]
[White "Serkan Kose"]
[Black "Betul Cemre Yildiz"]
[WhiteElo "2244"]
[BlackElo "2108"]
[PlyCount "106"]

1. e4 d5 2. exd5 Qxd5 3. Nc3 Qd6 4. d4 Nf6 5. Nf3 a6 6. Be2
Nc6 7. O-O Bg4 8. h3 Bh5 9. Be3 O-O-O 10. Re1 Bxf3 11. Bxf3
Nxd4 12. Bxd4 Qxd4 13. Qe2 Qb6 14. b4 e6 15. b5 axb5 16. Nxb5
c6 17. Rab1 Qc5 18. c4 Bd6 19. Nc3 Bc7 20. Qb2 Qa7 21. Na4 Rd4
22. Qb3 Rhd8 23. Re3 e5 24. Nc3 Rd2 25. c5 R2d7 26. g3 g6
27. Kg2 Ne8 28. Re4 Rd4 29. Qxf7 Qxc5 30. Qb3 Nd6 31. Na4 Qd5
32. Rxd4 Qxb3 33. Rxb3 exd4 34. Nc5 b6 35. Ne6 Re8 36. Nxd4 c5
37. Bg4+ Kb7 38. Ne6 c4 39. Ra3 b5 40. Nc5+ Kc6 41. Ne6 b4
42. Ra4 Kb5 43. Nxc7+ Kxa4 44. Nxe8 Nxe8 45. Kf1 Ka3 46. Ke2
Kxa2 47. Be6 Nd6 48. Bg8 h6 49. Bh7 g5 50. f4 gxf4 51. gxf4 c3
52. Kd3 Kb2 53. Kd4 b3 0-1

[Event "5th Individual European Chess Championship"]
[Site "Antalya TUR"]
[Date "2004.05.29"]
[EventDate "2004.05.15"]
[Round "13"]
[Result "0-1"]
[White "Betul Cemre Yildiz"]
[Black "Baris Esen"]
[WhiteElo "2108"]
[BlackElo "2262"]
[PlyCount "96"]

1. d4 f5 2. e4 fxe4 3. Nc3 c5 4. Qh5+ g6 5. Qe5 Nf6 6. Nxe4
Bg7 7. Nd6+ Kf8 8. Nxc8 cxd4 9. Qxe7+ Qxe7+ 10. Nxe7 Kxe7
11. Bg5 h6 12. Bxf6+ Bxf6 13. O-O-O Nc6 14. Nf3 d5 15. Bb5
Rhf8 16. Rhe1+ Kd6 17. Re2 Rae8 18. Rxe8 Rxe8 19. Bxc6 bxc6
20. Nxd4 Rf8 21. f3 Be5 22. Ne2 Re8 23. Kd2 Bxb2 24. Rb1 Ba3
25. Rb7 Bc5 26. Rg7 Re6 27. Kd1 Ke5 28. g3 Be3 29. Rc7 Bb6
30. Rg7 Rf6 31. Nf4 g5 32. Nd3+ Kd4 33. Kd2 Ba5+ 34. Kd1 Rxf3
35. Rxa7 Bc3 36. Ke2 Re3+ 37. Kf2 c5 38. Nc1 Be1+ 39. Kf1 Bb4
40. Ne2+ Kc4 41. Kf2 Re6 42. a4 Bd2 43. Ra8 Rf6+ 44. Kg2 Be3
45. Kh3 Rf2 46. Ng1 h5 47. g4 hxg4+ 48. Kxg4 Rf4+ 0-1

[Event "36th Olympiad, Women"]
[Site "Calvia ESP"]
[Date "2004.10.15"]
[EventDate "2004.10.15"]
[Round "1"]
[Result "0-1"]
[White "Betul Cemre Yildiz"]
[Black "Zhaoqin Peng"]
[WhiteElo "2131"]
[BlackElo "2420"]
[PlyCount "98"]

1. e4 e6 2. d3 d5 3. Nd2 c5 4. Ngf3 Nc6 5. g3 g6 6. Bg2 Bg7
7. O-O Nge7 8. Re1 O-O 9. e5 b5 10. Nf1 h6 11. h4 a5 12. Bf4
Kh7 13. N1h2 f5 14. exf6 Rxf6 15. Ng4 Rf5 16. Qd2 Qf8 17. Bh3
e5 18. Nfxe5 Nxe5 19. Nxe5 Rxe5 20. Bxe5 Bxh3 21. Kh2 Bxe5
22. Rxe5 Nc6 23. Re3 d4 24. Re4 Bf5 25. Re2 Bg4 26. Re4 Bf5
27. Re2 Qd6 28. Rae1 Rf8 29. Re8 Rf7 30. Qe2 Kg7 31. f4 Bd7
32. Re4 h5 33. Kg1 a4 34. a3 Bg4 35. Qg2 c4 36. Qd2 Bf5
37. Re8 c3 38. bxc3 Qxa3 39. cxd4 Nxd4 40. Qe3 Qd6 41. c3 Nc2
42. Qe5+ Qxe5 43. R1xe5 a3 44. Ra8 Bxd3 45. Ree8 Rd7 46. Rg8+
Kf7 47. Rae8 a2 48. Rgf8+ Kg7 49. Rg8+ Kf6 0-1

[Event "36th Olympiad, Women"]
[Site "Calvia ESP"]
[Date "2004.10.17"]
[EventDate "2004.10.15"]
[Round "3.25"]
[Result "1/2-1/2"]
[White "Betul Cemre Yildiz"]
[Black "Firuza Velikhanli"]
[WhiteElo "2131"]
[BlackElo "2322"]
[PlyCount "84"]

1. d4 d6 2. e4 Nf6 3. Bd3 g6 4. Nf3 Bg7 5. c3 O-O 6. O-O c6
7. a4 Nbd7 8. Nbd2 Qc7 9. Qc2 e5 10. Re1 Re8 11. dxe5 dxe5
12. Bf1 Nf8 13. h3 Nh5 14. g3 h6 15. b3 Be6 16. Ba3 Rad8
17. Rad1 a6 18. Nc4 Bxc4 19. Bxc4 b5 20. axb5 axb5 21. Bf1 Ne6
22. Ra1 Qb6 23. Bc1 Ra8 24. Be3 Qc7 25. Ra2 Rxa2 26. Qxa2 Nf6
27. Nd2 Rd8 28. Ra1 Bf8 29. b4 Ng5 30. Qc2 c5 31. Ra6 Kg7
32. h4 Ne6 33. Bh3 Rd6 34. Rxd6 Bxd6 35. Bxe6 fxe6 36. bxc5
Bxc5 37. Bxc5 Qxc5 38. Qd3 Ng4 39. Qd7+ Kf6 40. Qd8+ Kf7
41. Qd7+ Kf6 42. Qd8+ Kf7 1/2-1/2

[Event "36th Olympiad, Women"]
[Site "Calvia ESP"]
[Date "2004.10.19"]
[EventDate "2004.10.15"]
[Round "5"]
[Result "1/2-1/2"]
[White "Antoaneta Stefanova"]
[Black "Betul Cemre Yildiz"]
[WhiteElo "2523"]
[BlackElo "2131"]
[PlyCount "81"]

1. e4 c5 2. Nf3 e6 3. d4 cxd4 4. Nxd4 Nc6 5. Nc3 a6 6. Nxc6
bxc6 7. Bd3 Qc7 8. O-O Nf6 9. f4 d5 10. Kh1 Be7 11. Qf3 Bb7
12. Qh3 d4 13. Na4 c5 14. e5 Nd5 15. Be4 Nxf4 16. Rxf4 Bxe4
17. Rxe4 Qc6 18. Qf3 Qxa4 19. Rxd4 Qxd4 20. Qxa8+ Qd8
21. Qxd8+ Kxd8 22. Bd2 Kd7 23. Rf1 f6 24. Kg1 Kc6 25. Ba5 Rb8
26. b3 Rb7 27. Bc3 f5 28. Kf2 Rd7 29. Ke2 Bd8 30. Rf3 Bc7
31. h4 g6 32. Re3 Bd8 33. Rh3 Bc7 34. Rg3 Bd8 35. Rh3 Bc7
36. a3 Rd5 37. Re3 Bd8 38. Rh3 Bc7 39. Re3 Bd8 40. Rh3 Bc7
41. Re3 1/2-1/2

[Event "6th European Individual Women's Championship"]
[Site "Chisinau MDA"]
[Date "2005.06.11"]
[EventDate "2005.06.11"]
[Round "1"]
[Result "1-0"]
[White "Irina Vasilevich"]
[Black "Betul Cemre Yildiz"]
[WhiteElo "2347"]
[BlackElo "2156"]
[PlyCount "71"]

1. e4 c5 2. Nf3 e6 3. d4 cxd4 4. Nxd4 a6 5. Bd3 Qc7 6. O-O Nf6
7. Nc3 Nc6 8. Nxc6 dxc6 9. f4 e5 10. Qf3 Bd6 11. f5 b5 12. a4
Bb7 13. Qg3 Kf8 14. Bg5 c5 15. axb5 c4 16. bxa6 Rxa6 17. Bxf6
gxf6 18. Be2 Qb6+ 19. Kh1 Rxa1 20. Rxa1 Bc6 21. Rd1 Rg8
22. Qh4 Be7 23. Bxc4 Qxb2 24. Qh6+ Rg7 25. Qd2 Qb4 26. Bd5 Be8
27. Rb1 Qa5 28. Rb8 Qa6 29. Qd3 Qa1+ 30. Nd1 Qa4 31. Qc4 Qa5
32. c3 Bd8 33. Qb4+ Qxb4 34. cxb4 Ke7 35. b5 Rg4 36. g3 1-0

[Event "6th European Individual Women's Championship"]
[Site "Chisinau MDA"]
[Date "2005.06.12"]
[EventDate "2005.06.11"]
[Round "2"]
[Result "1/2-1/2"]
[White "Betul Cemre Yildiz"]
[Black "Alyona Goreskul"]
[WhiteElo "2156"]
[BlackElo "2323"]
[PlyCount "50"]

1. e4 e5 2. Nf3 Nf6 3. Nxe5 d6 4. Nf3 Nxe4 5. d4 d5 6. Bd3 Nc6
7. O-O Be7 8. Re1 Bg4 9. c3 f5 10. Qb3 O-O 11. Nbd2 Na5
12. Qa4 Nc6 13. Qb3 Na5 14. Qa4 Nc6 15. Qb3 Kh8 16. Qxb7 Rf6
17. Qb3 Rg6 18. Bb5 Nxd2 19. Nxd2 Bd6 20. Bxc6 Bxh2+ 21. Kxh2
Qh4+ 22. Kg1 Rh6 23. f3 Qh1+ 24. Kf2 Qh4+ 25. Kg1 Qh1+ 1/2-1/2

[Event "6th European Individual Women's Championship"]
[Site "Chisinau MDA"]
[Date "2005.06.20"]
[EventDate "2005.06.11"]
[Round "9"]
[Result "1/2-1/2"]
[White "Gabriela Olarasu"]
[Black "Betul Cemre Yildiz"]
[WhiteElo "2353"]
[BlackElo "2156"]
[PlyCount "86"]

1. c4 e6 2. Nc3 Nf6 3. e4 d5 4. e5 d4 5. exf6 dxc3 6. bxc3
Qxf6 7. d4 b6 8. Nf3 Bb7 9. Be2 h6 10. O-O Bd6 11. a4 a5
12. Qb3 Be4 13. Ba3 Bxa3 14. Qxa3 Nd7 15. Rfe1 Qe7 16. Nd2
Qxa3 17. Rxa3 Bb7 18. Rb3 Bc6 19. Bf3 Bxf3 20. Nxf3 O-O
21. Ne5 Nxe5 22. Rxe5 Rfd8 23. f4 c5 24. d5 Rd6 25. Kf2 Rad8
26. Ke3 exd5 27. cxd5 Rxd5 28. Rxd5 Rxd5 29. Rxb6 c4 30. Rb8+
Kh7 31. Rb5 Rd3+ 32. Ke4 Rxc3 33. Rxa5 Rc2 34. Kf3 Rc3+
35. Kg4 Rc2 36. Kh3 Ra2 37. g3 c3 38. Rc5 Rxa4 39. Rxc3 g6
40. Rc7 Kg7 41. Kg4 Ra2 42. h3 h5+ 43. Kf3 Ra3+ 1/2-1/2